El Salvador de hoy, 1979 (Registro nro. 4078)

Detalles MARC
000 -CABECERA
Longitud fija campo de control 00519cam a2200181 i 4500
001 - NÚMERO DE CONTROL
Número de control 3720499
003 - IDENTIFICADOR DELl NÚMERO DE CONTROL
Identificador del número de control OSt
005 - FECHA Y HORA DE LA ÚLTIMA TRANSACCIÓN
Fecha y hora de la última transacción 20140327213003.0
008 - CÓDIGOS DE INFORMACIÓN DE LONGITUD FIJA
Códigos de información de longitud fija 800813s1979 slv spa
040 ## - FUENTE DE LA CATALOGACIÓN
Centro catalogador de origen DLC
Centro transcriptor BMC
Centro modificado DLC
082 ## - NÚMERO DE LA CLASIFICACIÓN DECIMAL DEWEY
Númeroo de clasificación 972.84
245 00 - MENCIÓN DE TÍTULO
Título El Salvador de hoy, 1979
260 ## - PUBLICACIÓN, DISTRIBUCIÓN, ETC. (PIE DE IMPRENTA)
Lugar de publicación, distribución, etc. San Salvador
Nombre del editor, distribuidor, etc. Secretaría de Información de la Presidencia de la República
Fecha de publicación, distribución, etc. 1979
300 ## - DESCRIPCIÓN FÍSICA
Extensión 138 p.
Otras características físicas il. col. y n.
Dimensiones 25 cm
505 ## - NOTA DE CONTENIDO CON FORMATO
Nota de contenido con formato Contiene: 1 mapa plegable
651 #4 - PUNTO DE ACCESO ADICIONAL DE MATERIA - NOMBRE GEOGRÁFICO
9 (RLIN) 3692
Nombre geográfico El Salvador
Subdivisión de materia general Historia
942 ## - ENTRADA DE ELEMENTOS AGREGADOS (KOHA)
Fuente de clasificaión o esquema Dewey Decimal Classification
Koha [por defecto] tipo de item 1- Monografias
Existencias
Suprimido Perdido Fuente de clasificación o esquema Estropeado Restricciones de uso No para préstamo Código de colección Localización permanente Localización actual Localización en estanter&íacute;as Fecha adquisición Fuente de adquisición Número de inventario Préstamos totales Signatura completa Código de barras Fecha última consulta Coste, precio reemplazado Fecha del precio de reemplazo Tipo de item de Koha
NULL NULL Dewey Decimal Classification NULL Prestable NULL NULL Biblioteca Miguel de Cervantes - UNICAES Biblioteca Miguel de Cervantes - UNICAES Sala Principal 14/11/2013 Donación - Mayorga Rivas 007069   972.84 ELS 1007069 09/07/2021 9.00 14/11/2013 1- Monografias